000 00600nab a2200181 4500
001 244442
003 OSt
005 20230623072930.0
007 tu
008 200917s2020|||||||
040 _aDE-2950
_cDE-2950
245 0 0 _aEinwohnerzahl nach oben korrigiert.
_bBevölkerung. Frankfurt hat binnen eines Jahres 1732 Einwohner dazu gewonnen. Der Ausländeranteil liegt bei fast 16 Prozent /
_cthg.
264 _c2023
653 _aFrankfurt (Oder)
653 _aEinwohner / Statistik
773 0 _g34. Jahrgang (2023) Nr. 136 vom 14.06.2023, S. 15: mit Foto
_tMärkische Oderzeitung
942 _2z
_cA
999 _c372563
_d372563